[Event "Zhukovsky Winter op"]
[Site "Zhukovsky"]
[Date "2014.??.??"]
[Round "5"]
[White "Dolgova, Tamara"]
[Black "Rigovich, Albert"]
[Result "1/2-1/2"]
[WhiteElo "1841"]
[BlackElo "1949"]
[PlyCount "66"]
[EventDate "2014.11.22"]
[EventType "swiss"]
[EventRounds "9"]
[EventCountry "RUS"]
[SourceTitle "EXT 2016"]
[Source "ChessBase"]
[SourceDate "2015.10.08"]
[SourceVersion "1"]
[SourceVersionDate "2015.10.08"]
[SourceQuality "1"]

1. e4 e5 2. Nf3 Nc6 3. d4 exd4 4. Bc4 Nf6 5. 0-0 Nxe4 6. Re1 d5 7. Bxd5 Qxd5 8. Nc3 Qa5 9. Rxe4+ Be6 10. Nxd4 0-0-0 11. Be3 Bb4 12. Qe2 Nxd4 13. Bxd4 Qg5 14. Be3 Qa5 15. Nb5 Bd5 16. Rg4 g6 17. Nxa7+ Kb8 18. Qb5 Qxb5 19. Nxb5 Bd6 20. Nxd6 Rxd6 21. Rd4 f6 22. Bf4 Rd7 23. Rad1 Rhd8 24. c4 Bc6 25. Rxd7 Rxd7 26. Rc1 Re7 27. Be3 Re4 28. g3 Kc8 29. b4 Bd7 30. a3 Bh3 31. b5 Bd7 32. b6 cxb6 33. Bxb6 Re6 1/2-1/2

[Event "Zhukovsky op 04"]
[Site "Zhukovsky"]
[Date "2014.??.??"]
[Round "7"]
[White "Ershov, Aleksey"]
[Black "Rigovich, Albert"]
[Result "1-0"]
[WhiteElo "1865"]
[BlackElo "1949"]
[PlyCount "75"]
[EventDate "2014.04.??"]
[EventType "swiss"]
[EventRounds "9"]
[EventCountry "RUS"]
[SourceTitle "EXT 2016"]
[Source "ChessBase"]
[SourceDate "2015.10.08"]
[SourceVersion "1"]
[SourceVersionDate "2015.10.08"]
[SourceQuality "1"]

1. Nf3 Nf6 2. c4 d6 3. Nc3 g6 4. d4 Nbd7 5. e4 Bg7 6. Be2 e5 7. 0-0 0-0 8. Be3 c6 9. h3 Re8 10. d5 cxd5 11. cxd5 Nc5 12. Nd2 a5 13. a3 b6 14. b4 Na6 15. bxa5 bxa5 16. Nb5 Nc5 17. Qc2 Bf8 18. Rac1 Ba6 19. Bxc5 Rc8 20. Nxd6 Rxc5 21. N6c4 Bh6 22. Nb3 Rc8 23. Nbxa5 Bxc4 24. Nxc4 Bxc1 25. Rxc1 Nd7 26. Bg4 f5 27. exf5 Nb6 28. Be2 gxf5 29. Qxf5 Qxd5 30. Rd1 Qxd1+ 31. Bxd1 Nxc4 32. Bb3 Kg7 33. Qg4+ Kf6 34. Qh4+ Kg6 35. Bxc4 e4 36. Qg4+ Kf6 37. Qf4+ Kg7 38. Qg5+ 1-0

[Event "Zhukovsky op 04"]
[Site "Zhukovsky"]
[Date "2014.??.??"]
[Round "1"]
[White "Groisman, Anatoliy"]
[Black "Rigovich, Albert"]
[Result "1/2-1/2"]
[WhiteElo "1972"]
[BlackElo "1949"]
[PlyCount "73"]
[EventDate "2014.04.??"]
[EventType "swiss"]
[EventRounds "9"]
[EventCountry "RUS"]
[SourceTitle "EXT 2016"]
[Source "ChessBase"]
[SourceDate "2015.10.08"]
[SourceVersion "1"]
[SourceVersionDate "2015.10.08"]
[SourceQuality "1"]

1. c4 Nf6 2. d4 d6 3. Nc3 g6 4. e4 Bg7 5. Nf3 Nbd7 6. Bd3 e5 7. 0-0 0-0 8. Bg5 h6 9. Bh4 g5 10. Bg3 Nh5 11. dxe5 dxe5 12. Ne1 Nf4 13. Bxf4 exf4 14. Qc2 c6 15. Nf3 g4 16. Nd2 Ne5 17. Be2 f3 18. gxf3 Qg5 19. fxg4 Bxg4 20. Bxg4 Nxg4 21. Nf3 Qf4 22. Kg2 Ne5 23. Nxe5 Bxe5 24. Rh1 Qg4+ 25. Kf1 Qh3+ 26. Ke2 Rad8 27. Rad1 Rxd1 28. Qxd1 Qg4+ 29. Kf1 Qxd1+ 30. Nxd1 Rd8 31. Ke2 Rd4 32. b3 Rxe4+ 33. Ne3 Bd4 34. Kf3 Re6 35. Re1 Bxe3 36. Rxe3 Rxe3+ 37. Kxe3 1/2-1/2

[Event "Zhukovsky Winter op"]
[Site "Zhukovsky"]
[Date "2014.??.??"]
[Round "7"]
[White "Kots, Dmitry"]
[Black "Rigovich, Albert"]
[Result "0-1"]
[WhiteElo "1797"]
[BlackElo "1949"]
[PlyCount "44"]
[EventDate "2014.11.22"]
[EventType "swiss"]
[EventRounds "9"]
[EventCountry "RUS"]
[SourceTitle "EXT 2016"]
[Source "ChessBase"]
[SourceDate "2015.10.08"]
[SourceVersion "1"]
[SourceVersionDate "2015.10.08"]
[SourceQuality "1"]

1. e4 e5 2. Nf3 Nc6 3. c3 d5 4. Bb5 dxe4 5. Nxe5 Qd5 6. Qa4 Nge7 7. d4 exd3 8. Nxd3 Qxg2 9. Rf1 Bf5 10. Bf4 0-0-0 11. Ne5 Nxe5 12. Bxe5 Qe4+ 13. Qxe4 Bxe4 14. Nd2 Bc2 15. Bc4 Nc6 16. Bf4 Re8+ 17. Be3 Ne5 18. b3 Bc5 19. Ke2 Ng4 20. Bxf7 Bxe3 21. Bxe8 Rxe8 22. fxe3 Rxe3# 0-1

[Event "Zhukovsky op 04"]
[Site "Zhukovsky"]
[Date "2014.??.??"]
[Round "9"]
[White "Rigovich, Albert"]
[Black "Avetisyan, Aleksey"]
[Result "0-1"]
[WhiteElo "1949"]
[BlackElo "1997"]
[PlyCount "110"]
[EventDate "2014.04.??"]
[EventType "swiss"]
[EventRounds "9"]
[EventCountry "RUS"]
[SourceTitle "EXT 2016"]
[Source "ChessBase"]
[SourceDate "2015.10.08"]
[SourceVersion "1"]
[SourceVersionDate "2015.10.08"]
[SourceQuality "1"]

1. e4 c6 2. d4 d5 3. exd5 cxd5 4. c4 Nf6 5. Nc3 Nc6 6. c5 g6 7. Nf3 Bg7 8. h3 0-0 9. Bd3 Bf5 10. Bxf5 gxf5 11. Be3 Ne4 12. Nh4 e6 13. g3 Qc7 14. Nf3 Qa5 15. Qc1 Qa6 16. a3 Qd3 17. Qd1 Qc4 18. Rc1 Qa6 19. Qe2 Qxe2+ 20. Nxe2 a5 21. Nd2 a4 22. f3 Nxd2 23. Kxd2 Na5 24. Kd3 Nc4 25. Rxc4 dxc4+ 26. Kxc4 Rfc8 27. Kb5 Rc6 28. Nc3 Rca6 29. Rd1 Bf6 30. g4 fxg4 31. Rg1 h5 32. hxg4 hxg4 33. Rxg4+ Kf8 34. Ne4 Be7 35. Bh6+ Ke8 36. Rg8+ Kd7 37. Rxa8 Rxa8 38. Nc3 Rh8 39. Bf4 Rh4 40. Be3 Rh3 41. Kb6 Kc8 42. Bf4 Bd8+ 43. Kb5 Rxf3 44. Bd6 Bc7 45. Nxa4 Bxd6 46. cxd6 Kd7 47. Nc5+ Kxd6 48. Nxb7+ Kd5 49. Nc5 Kxd4 50. a4 Rh3 51. a5 Rh8 52. a6 e5 53. Na4 e4 54. b4 e3 55. Nc5 e2 0-1

[Event "Zhukovsky Winter op"]
[Site "Zhukovsky"]
[Date "2014.??.??"]
[Round "8"]
[White "Rigovich, Albert"]
[Black "Zhukovsky, Viacheslav"]
[Result "0-1"]
[WhiteElo "1949"]
[BlackElo "2094"]
[PlyCount "44"]
[EventDate "2014.11.22"]
[EventType "swiss"]
[EventRounds "9"]
[EventCountry "RUS"]
[SourceTitle "EXT 2016"]
[Source "ChessBase"]
[SourceDate "2015.10.08"]
[SourceVersion "1"]
[SourceVersionDate "2015.10.08"]
[SourceQuality "1"]

1. e4 e6 2. d4 d5 3. Nc3 Nf6 4. Bg5 Bb4 5. e5 h6 6. Bd2 Bxc3 7. bxc3 Ne4 8. Qg4 Kf8 9. h4 c5 10. Rh3 Nxd2 11. Rg3 Ne4 12. Qxg7+ Ke7 13. Rg6 Qf8 14. f3 Qxg7 15. Rxg7 Nxc3 16. dxc5 Bd7 17. Kd2 Na4 18. Nh3 Nxc5 19. Nf4 Kf8 20. Nh5 Nc6 21. Re1 Ne7 22. Rg4 Nf5 0-1

[Event "Zhukovsky Winter op"]
[Site "Zhukovsky"]
[Date "2014.??.??"]
[Round "3"]
[White "Yasev, Daniil"]
[Black "Rigovich, Albert"]
[Result "0-1"]
[WhiteElo "1824"]
[BlackElo "1949"]
[PlyCount "36"]
[EventDate "2014.11.22"]
[EventType "swiss"]
[EventRounds "9"]
[EventCountry "RUS"]
[SourceTitle "EXT 2016"]
[Source "ChessBase"]
[SourceDate "2015.10.08"]
[SourceVersion "1"]
[SourceVersionDate "2015.10.08"]
[SourceQuality "1"]

1. e4 e5 2. Nf3 Nc6 3. d4 exd4 4. Nxd4 Qh4 5. Qd3 Nf6 6. Nb5 Bb4+ 7. Bd2 Kd8 8. N5c3 d6 9. g3 Qh5 10. Bg2 Ne5 11. Qe2 Bg4 12. Qb5 Bc5 13. Qxb7 Rc8 14. h4 Nf3+ 15. Kf1 Nd4 16. Na3 Be2+ 17. Kg1 Nf3+ 18. Bxf3 Bxf3 0-1

[Event "Zhukovsky op"]
[Site "Zhukovsky"]
[Date "2012.04.??"]
[Round "8"]
[White "Kuznetsov, Yuri"]
[Black "Rigovich, Albert"]
[Result "1/2-1/2"]
[WhiteElo "2022"]
[BlackElo "1941"]
[PlyCount "77"]
[EventDate "2012.04.??"]
[EventType "swiss"]
[EventRounds "9"]
[EventCountry "RUS"]
[SourceTitle "EXT 2014"]
[Source "ChessBase"]
[SourceDate "2013.11.20"]
[SourceVersion "1"]
[SourceVersionDate "2013.11.20"]
[SourceQuality "1"]

1. d4 Nf6 2. c4 g6 3. g3 Bg7 4. Bg2 d6 5. Nf3 0-0 6. Nc3 Nbd7 7. 0-0 e5 8. Qc2 c6 9. dxe5 dxe5 10. b3 Nh5 11. e4 f5 12. exf5 gxf5 13. Bb2 e4 14. Ne1 Ne5 15. Nd1 Qe7 16. f4 Ng4 17. Bxg7 Qxg7 18. Qc3 Qe7 19. Nc2 Rd8 20. Ne1 Be6 21. Bh3 Qc5+ 22. Kh1 Nhf6 23. Bxg4 Nxg4 24. h3 Rxd1 25. Rxd1 e3 26. hxg4 e2 27. Nf3 fxg4 28. Nh4 Bd5+ 29. Ng2 Re8 30. Qe1 Bf3 31. Rd2 exf1Q+ 32. Qxf1 Qe3 33. Qf2 Qc3 34. Kh2 Qf6 35. Nh4 Qh6 36. Kg1 Qh5 37. Nxf3 gxf3 38. Rd3 Re2 39. Qxf3 1/2-1/2

[Event "Zhukovsky op"]
[Site "Zhukovsky"]
[Date "2012.04.??"]
[Round "3"]
[White "Rigovich, Albert"]
[Black "Domnin, Vladimir"]
[Result "0-1"]
[WhiteElo "1941"]
[BlackElo "1907"]
[PlyCount "74"]
[EventDate "2012.04.??"]
[EventType "swiss"]
[EventRounds "9"]
[EventCountry "RUS"]
[SourceTitle "EXT 2014"]
[Source "ChessBase"]
[SourceDate "2013.11.20"]
[SourceVersion "1"]
[SourceVersionDate "2013.11.20"]
[SourceQuality "1"]

1. e4 c5 2. Nf3 Nc6 3. d4 cxd4 4. Nxd4 e5 5. Nb5 a6 6. Nd6+ Bxd6 7. Qxd6 Qe7 8. Qd1 Nf6 9. Nc3 h6 10. Be2 b5 11. a3 Nd4 12. Be3 Nxe2 13. Qxe2 Bb7 14. f3 d5 15. exd5 Nxd5 16. Nxd5 Bxd5 17. Rd1 Rd8 18. Qf2 f5 19. 0-0 Kf7 20. f4 Be4 21. Bc5 Qe6 22. fxe5 Qxe5 23. Bd4 Qe6 24. Qg3 Rhg8 25. Bc3 g5 26. Qf2 Rge8 27. Rd4 Kg6 28. Rfd1 Rxd4 29. Rxd4 Qc6 30. Qd2 Re6 31. Rd7 Qc5+ 32. Kh1 Qc6 33. Rg7+ Kh5 34. Qe2+ g4 35. Rg8 Bf3 36. Qd3 Bxg2+ 37. Kg1 Be4 0-1

[Event "Zhukovsky-A 02"]
[Site "Zhukovsky"]
[Date "2011.02.09"]
[Round "2"]
[White "Dolgova, Tamara"]
[Black "Rigovich, Albert"]
[Result "1/2-1/2"]
[WhiteElo "1961"]
[BlackElo "1980"]
[PlyCount "38"]
[EventDate "2011.02.09"]
[EventType "swiss"]
[EventRounds "9"]
[EventCountry "RUS"]
[SourceTitle "EXT 2022"]
[Source "ChessBase"]
[SourceDate "2021.10.06"]
[SourceVersion "1"]
[SourceVersionDate "2021.10.06"]
[SourceQuality "1"]

1. e4 e5 2. Nf3 Nc6 3. d4 exd4 4. Nxd4 Bc5 5. Be3 Qf6 6. c3 Nge7 7. Bc4 0-0 8. 0-0 d6 9. b4 Bb6 10. Bb3 Nxd4 11. Bxd4 Bxd4 12. Qxd4 Qxd4 13. cxd4 Be6 14. Bxe6 fxe6 15. a3 Nc6 16. Rd1 Rf4 17. f3 Raf8 18. Nc3 R4f7 19. Rac1 a6 1/2-1/2

[Event "Zhukovsky-A 02"]
[Site "Zhukovsky"]
[Date "2011.02.09"]
[Round "9"]
[White "Likhachev, Oleg"]
[Black "Rigovich, Albert"]
[Result "0-1"]
[WhiteElo "1800"]
[BlackElo "1980"]
[PlyCount "96"]
[EventDate "2011.02.09"]
[EventType "swiss"]
[EventRounds "9"]
[EventCountry "RUS"]
[SourceTitle "EXT 2022"]
[Source "ChessBase"]
[SourceDate "2021.10.06"]
[SourceVersion "1"]
[SourceVersionDate "2021.10.06"]
[SourceQuality "1"]

1. e4 e5 2. Nf3 Nc6 3. Bc4 Nf6 4. Ng5 d5 5. exd5 Nd4 6. c3 b5 7. Bf1 Nxd5 8. Nxf7 Kxf7 9. cxd4 exd4 10. Bxb5 Qe7+ 11. Qe2 Qxe2+ 12. Bxe2 Nb4 13. Na3 Bd6 14. 0-0 Re8 15. Bc4+ Be6 16. b3 Bc5 17. Nb5 Bxc4 18. bxc4 Re7 19. Bb2 Rd8 20. Rae1 Rxe1 21. Rxe1 Rd7 22. Re4 Nc2 23. Re5 Bb4 24. d3 a6 25. Na7 Ne1 26. Re4 Nxd3 27. Bxd4 c5 28. Nc6 cxd4 29. Nxd4 Bc5 30. Nc6 Bxf2+ 31. Kf1 Bc5 32. Rh4 Rd6 33. Na5 Re6 34. g3 h6 35. Nb7 Re1+ 36. Kg2 Re2+ 37. Kf3 Rxa2 38. Ke4 Nf2+ 39. Kd5 Be7 40. c5 Bxh4 41. gxh4 Rd2+ 42. Kc4 Ke7 43. c6 Ne4 44. Na5 Kd8 45. Nb3 Rd1 46. Kb4 Kc7 47. Na5 Rb1+ 48. Kc4 Nd6+ 0-1

[Event "Zhukovsky op 05"]
[Site "Zhukovsky"]
[Date "2011.??.??"]
[Round "6"]
[White "Fedotov, Aleksandr"]
[Black "Rigovich, Albert"]
[Result "0-1"]
[WhiteElo "1789"]
[BlackElo "1980"]
[PlyCount "68"]
[EventDate "2011.05.15"]
[EventType "swiss"]
[EventRounds "9"]
[EventCountry "RUS"]
[SourceTitle "EXT 2012"]
[Source "ChessBase"]
[SourceDate "2011.11.24"]
[SourceVersion "1"]
[SourceVersionDate "2011.11.24"]
[SourceQuality "1"]

1. d4 Nf6 2. c4 g6 3. Nc3 Bg7 4. e4 d6 5. Nf3 0-0 6. Be2 e5 7. 0-0 Nc6 8. d5 Ne7 9. b4 Nd7 10. Nd2 f5 11. f3 f4 12. Nb3 g5 13. Bd2 Ng6 14. Rc1 Nf6 15. c5 h5 16. cxd6 cxd6 17. Nb5 Rf7 18. Rc2 a6 19. Nc3 g4 20. g3 Qd7 21. b5 fxg3 22. hxg3 gxf3 23. Bxf3 axb5 24. Bxh5 Qh3 25. Bf3 Qxg3+ 26. Bg2 Ng4 27. Rxf7 Qh2+ 28. Kf1 Kxf7 29. Nxb5 Nh4 30. Bg5 Qg3 31. Nxd6+ Kg6 32. Bc1 Nh2+ 33. Kg1 Bg4 34. Qd2 N4f3+ 0-1

[Event "Moscow op-B"]
[Site "Moscow"]
[Date "2009.02.04"]
[Round "5"]
[White "Kuznetsov, Kirill"]
[Black "Rigovich, Albert"]
[Result "1-0"]
[WhiteElo "2245"]
[BlackElo "2016"]
[PlyCount "135"]
[EventDate "2009.01.31"]
[EventType "swiss"]
[EventRounds "9"]
[EventCountry "RUS"]
[SourceTitle "EXT 2012"]
[Source "ChessBase"]
[SourceDate "2011.11.24"]
[SourceVersion "1"]
[SourceVersionDate "2011.11.24"]
[SourceQuality "1"]

1. e4 e5 2. Nf3 Nc6 3. Bb5 f5 4. Bxc6 dxc6 5. Nc3 Nf6 6. Qe2 Bd6 7. 0-0 0-0 8. exf5 Bxf5 9. Re1 Qd7 10. Qc4+ Be6 11. Qh4 e4 12. Ng5 Bf5 13. Ngxe4 Be7 14. Qg3 Rae8 15. d3 Bd6 16. Nxf6+ Rxf6 17. Rxe8+ Qxe8 18. Bf4 Rg6 19. Qf3 Bg4 20. Qe3 Re6 21. Ne4 Bf5 22. Re1 b6 23. Kf1 Qh5 24. Bxd6 cxd6 25. Qg5 Qxg5 26. Nxg5 Rxe1+ 27. Kxe1 Kf8 28. Kd2 Ke7 29. Ke3 h6 30. Ne4 a5 31. h4 Be6 32. a3 b5 33. Kf4 b4 34. axb4 axb4 35. g4 Bc8 36. f3 Ke6 37. h5 Ba6 38. b3 Bc8 39. Ng3 Kd5 40. Ne2 c5 41. g5 Ke6 42. Ng3 Bb7 43. gxh6 gxh6 44. Ne4 Bc6 45. Kg4 Ke7 46. Kf5 Be8 47. Ng3 Bf7 48. f4 Be8 49. Kg4 Bd7+ 50. Kf3 Be8 51. Ke3 Kf6 52. d4 Ke6 53. f5+ Kd5 54. Ne4 cxd4+ 55. Kf4 d3 56. cxd3 Bb5 57. Nf6+ Kd4 58. Ng8 Be8 59. Kg4 Kc3 60. Nxh6 Kxb3 61. f6 Kc2 62. Nf5 Kxd3 63. h6 b3 64. h7 b2 65. h8Q b1Q 66. Qxe8 Qb4+ 67. Kg5 Qd2+ 68. Qe3+ 1-0

[Event "Zhukovsky op-A"]
[Site "Zhukovsky"]
[Date "2009.01.??"]
[Round "7"]
[White "Ibragimov, Ali"]
[Black "Rigovich, Albert"]
[Result "1-0"]
[WhiteElo "2094"]
[BlackElo "2029"]
[PlyCount "35"]
[EventDate "2009.01.??"]
[EventType "swiss"]
[EventRounds "7"]
[EventCountry "RUS"]
[SourceTitle "EXT 2012"]
[Source "ChessBase"]
[SourceDate "2011.11.24"]
[SourceVersion "1"]
[SourceVersionDate "2011.11.24"]
[SourceQuality "1"]

1. d4 Nf6 2. Nc3 g6 3. Bg5 Bg7 4. e4 d6 5. e5 Nfd7 6. f4 f6 7. exf6 Nxf6 8. Nf3 0-0 9. Bc4+ e6 10. Qe2 Kh8 11. 0-0-0 Re8 12. h4 Qd7 13. Bxf6 Bxf6 14. h5 Bg7 15. hxg6 h6 16. g4 e5 17. f5 exd4 18. Qd2 1-0

[Event "Zhukovsky op-A"]
[Site "Zhukovsky"]
[Date "2009.01.??"]
[Round "4"]
[White "Rigovich, Albert"]
[Black "Medvedev, Vladimir"]
[Result "1-0"]
[WhiteElo "2029"]
[BlackElo "2160"]
[PlyCount "69"]
[EventDate "2009.01.??"]
[EventType "swiss"]
[EventRounds "7"]
[EventCountry "RUS"]
[SourceTitle "EXT 2012"]
[Source "ChessBase"]
[SourceDate "2011.11.24"]
[SourceVersion "1"]
[SourceVersionDate "2011.11.24"]
[SourceQuality "1"]

1. e4 c5 2. Nf3 Nc6 3. d4 cxd4 4. Nxd4 e5 5. Nb3 Nf6 6. Nc3 Bb4 7. Bd3 d5 8. exd5 Bxc3+ 9. bxc3 Qxd5 10. 0-0 e4 11. Bxe4 Qxd1 12. Bxc6+ Qd7 13. Re1+ Kd8 14. Bxd7 Bxd7 15. Be3 Rc8 16. Bxa7 Rxc3 17. Nc5 Bc6 18. Bb6+ Kc8 19. Re2 Nd5 20. Ne4 Ra3 21. Bc5 Ra5 22. Nd6+ Kc7 23. Nxf7 Rha8 24. Bd6+ Kb6 25. c4 Nc3 26. Rb2+ Ka6 27. a3 Ne4 28. Bc7 Rf5 29. Ne5 Rc8 30. Nxc6 Rxc7 31. Nb4+ Ka5 32. Nd5 Rcf7 33. f3 Nf6 34. Rb5+ Ka6 35. Nb4+ 1-0

[Event "Zhukovsky op-A"]
[Site "Zhukovsky"]
[Date "2008.11.28"]
[Round "9"]
[White "Kamalov, Sharip"]
[Black "Rigovich, Albert"]
[Result "1/2-1/2"]
[WhiteElo "2139"]
[BlackElo "2008"]
[PlyCount "36"]
[EventDate "2008.11.28"]
[EventType "swiss"]
[EventRounds "9"]
[EventCountry "RUS"]
[SourceTitle "EXT 2022"]
[Source "ChessBase"]
[SourceDate "2021.10.06"]
[SourceVersion "1"]
[SourceVersionDate "2021.10.06"]
[SourceQuality "1"]

1. d4 Nf6 2. c4 g6 3. Nc3 Bg7 4. e4 d6 5. f3 0-0 6. Be3 e5 7. dxe5 dxe5 8. Qxd8 Rxd8 9. Nd5 Rd7 10. Bg5 Nxd5 11. cxd5 f6 12. Be3 Bf8 13. Ne2 Bb4+ 14. Nc3 Rd8 15. Bc4 Kg7 16. 0-0 Nd7 17. a3 Bd6 18. Rac1 Nb6 1/2-1/2

[Event "Vladimir op-B"]
[Site "Vladimir"]
[Date "2008.08.19"]
[Round "7"]
[White "Makhnev, Vladimir"]
[Black "Rigovich, Albert"]
[Result "1-0"]
[WhiteElo "2316"]
[BlackElo "2014"]
[PlyCount "47"]
[EventDate "2008.08.12"]
[EventType "swiss"]
[EventRounds "10"]
[EventCountry "RUS"]
[SourceTitle "CBM 126 Extra"]
[Source "ChessBase"]
[SourceDate "2008.11.05"]
[SourceVersion "1"]
[SourceVersionDate "2008.11.05"]
[SourceQuality "1"]

1. d4 Nf6 2. c4 g6 3. Nc3 Bg7 4. e4 d6 5. Nf3 0-0 6. h3 Nbd7 7. Be2 e5 8. d5 Nc5 9. Qc2 a5 10. g4 c6 11. Nd2 Bd7 12. Nb3 Rb8 13. Nxc5 dxc5 14. Be3 b6 15. 0-0-0 cxd5 16. exd5 Ne8 17. h4 Nd6 18. h5 f5 19. f3 e4 20. hxg6 exf3 21. Bxf3 fxg4 22. Qh2 Rxf3 23. Qxh7+ Kf8 24. Bh6 1-0

[Event "Vladimir op-B"]
[Site "Vladimir"]
[Date "2008.08.16"]
[Round "5"]
[White "Dudin, Denis"]
[Black "Rigovich, Albert"]
[Result "1-0"]
[WhiteElo "2150"]
[BlackElo "2014"]
[PlyCount "85"]
[EventDate "2008.08.12"]
[EventType "swiss"]
[EventRounds "10"]
[EventCountry "RUS"]
[SourceTitle "CBM 126 Extra"]
[Source "ChessBase"]
[SourceDate "2008.11.05"]
[SourceVersion "1"]
[SourceVersionDate "2008.11.05"]
[SourceQuality "1"]

1. Nf3 Nf6 2. c4 g6 3. Nc3 Bg7 4. e4 d6 5. d4 0-0 6. Be2 e5 7. d5 a5 8. Nd2 Nbd7 9. h4 h5 10. Nf3 Nc5 11. Ng5 Nh7 12. g4 Bxg4 13. Bxg4 hxg4 14. Qxg4 Nd3+ 15. Ke2 Nf6 16. Qf3 Nxc1+ 17. Raxc1 Nh5 18. Rcg1 c6 19. Kd1 a4 20. Ne2 Qb6 21. Kc2 cxd5 22. cxd5 Ra5 23. Qe3 Rc5+ 24. Kb1 Qb5 25. Rc1 b6 26. Rxc5 bxc5 27. Nc3 Qa5 28. a3 Rb8 29. Nf3 Kh7 30. Ng5+ Kg8 31. Nf3 Kh8 32. Qd3 Bh6 33. Qc4 Rb3 34. Ka2 Nf6 35. Ng5 Kg8 36. Qxa4 Qxa4 37. Nxa4 Rd3 38. Nc3 Ng4 39. a4 Nxf2 40. a5 Bxg5 41. hxg5 Rd4 42. a6 Nxe4 43. Nxe4 1-0